000 00604nam a22002177a 4500
003 UA-OsUOA
001 115756
007 ta
008 20160118b un ||||| |||| 00| 0 ukr d
100 _aШупта-В'язовська О.
090 _a82
_bШ96
942 _cSA
040 _aUA-OsUOA
_bukr
_cUA-OsUOA
_dUA-OsUOA
245 _aПреімпресіонізм творчості І.С. Нечуя-Левицького
300 _aС.32-36
955 _a0
041 _aukr
080 _a82
773 0 _w115753
650 7 _a82 Література. Літературознавство
_2UDC
999 _c401572
_d401572